000 00451nam a2200193Ia 4500
005 20250603145945.0
008 250603s9999 xx 000 0 und d
020 _a8125916563
050 _aJX 1305 .C43/
100 _aChandra, Prakash
245 0 _aTheories of international relations
250 _a3rd ed.
260 _aNew Delhi
260 _bPublishing House
260 _c2004
300 _a305 p
650 _aNew Delhi
942 _cBK
999 _c43354
_d43354